=LDR 00000nam 2200000 4500 =001 INLIS000000000004183 =005 20130612092449 =008 ***********************************Ind** =035 ##$$0010-061300000004183 =041 ##$$a Ind =082 ##$$a F Rom D =090 ##$$a F Rom D, Sti g =100 ##$$a STINE, R.L =245 ##$$a Good night kiss : Ciuman selamat malam / R.L. Stine; Alih Bahasa, Anastasia Mustika W. -- =260 ##$$a 1999 $b Jakarta : Gramedia Pustaka Utama =300 ##$$a 252 hlm. ; 19 cm =650 ##$$a Fiksi Dewasa - Terjemahan =850 ##$$a NBPNMAT